<The> Spread of economic growth to the third world 1850-1980
Gespeichert in:
| 1. Verfasser: | |
|---|---|
| Format: | Buch |
| Sprache: | Englisch |
| Veröffentlicht: |
New Haven
Yale University
1983
|
| Schriftenreihe: | Center Paper
no. 344 |
| Tags: |
Keine Tags, Fügen Sie das erste Tag hinzu!
|
MARC
| LEADER | 00000nam a2200000 4500 | ||
|---|---|---|---|
| 001 | c116202 | ||
| 005 | 20220404114322.3 | ||
| 041 | 0 | |a eng | |
| 044 | |a US | ||
| 245 | 1 | 0 | |a <The> Spread of economic growth to the third world |b 1850-1980 |c Lloyd G. Reynolds |
| 264 | 1 | |a New Haven |b Yale University |c 1983 | |
| 300 | |a S. 941-980 | ||
| 490 | 1 | |a Center Paper |v no. 344 | |
| 830 | 0 | |a Center Paper |v no. 344 | |
| 100 | 1 | |a Reynolds, Lloyd G. | |